header

Gender and development in the Middle East and North Africa (Record no. 179730)

MARC details
000 -LEADER
fixed length control field 01362nam a2200337Ia 4500
082 04 - DEWEY DECIMAL CLASSIFICATION NUMBER
Classification number 305.42/0956
245 00 - TITLE STATEMENT
Title Gender and development in the Middle East and North Africa
260 ## - PUBLICATION, DISTRIBUTION, ETC. (IMPRINT)
Place of publication Washington, DC :
Name of publisher World Bank,
Year of publication 2004.
300 ## - PHYSICAL DESCRIPTION
Number of Pages xx, 198 p.
490 1# - SERIES STATEMENT
Series statement Orientations in development
650 #0 - SUBJECT ADDED ENTRY--TOPICAL TERM
Topical Term Women in development
Topical Term Women in development
Topical Term Sex role
Topical Term Sex role
Topical Term Sex discrimination against women
Topical Term Sex discrimination against women
856 40 - ELECTRONIC LOCATION AND ACCESS
Uniform Resource Identifier http://site.ebrary.com/lib/rucke/Doc?id=10051561

No items available.

© 2026 Rongo University
Contact us: librarian | system librarian | Rongo university